000 00845nam a2200265 a 4500
001 62412
003 BD-RjUL
005 20211209081101.0
008 170124s1961 enk 001 0 eng d
035 _a(BD-RjUL)62538
040 _aNJT
_cNJT
_dBD-RjUL
_beng
041 _aeng
082 _223
_a822.309
_bAGE 1961
245 1 4 _aThe age of Shakespeare :
_ba guide to english literature /
_cedited by Boris Ford
250 _aNew and rev. material in this ed.
260 _aLondon :
_bCassell,
_c1961.
300 _a V. :
_bill. ;
_c21 cm.
490 1 _aThe Belle sauvage library
500 _aIncludes index.
505 _aV-2.--
650 0 _aEnglish literature
_yEarly modern and Elizabethan,1500-1600.
_xHistory and criticism
_9185632
700 _aFord, Boris
_9185633
830 0 _aThe Belle sauvage library.
_9185635
942 _2ddc
_cBK
999 _c62412
_d62412